| 000 | 00478nam a2200181Ia 4500 | ||
|---|---|---|---|
| 001 | 8392 | ||
| 005 | 20260306160606.0 | ||
| 008 | 260306t2001||||xx |||||||||||||| ||spa|| | ||
| 041 | _aESP | ||
| 082 |
_a370.71 _bL87 |
||
| 100 |
_aLópez Calva, Martín _eAUT |
||
| 245 | 0 |
_aPlaneación y evaluación del proceso enseñanza-aprendizaje: _bmanual del docente |
|
| 260 | _c2001 | ||
| 300 |
_a150 páginas : _c23 cm. |
||
| 650 | _aGEN | ||
| 654 | _aCED | ||
| 942 |
_cLIB _dJUS _fJUS _2ddc _n |
||
| 999 |
_c8392 _d8392 |
||